福井県の県立高校 - Statistics

General Stats
  • This quiz has been taken 34 times
    31 since last reset
  • The average score is 11 of 25
Answer Stats
所在地 高校名 % Correct
大野市 大野高校
92%
鯖江市 鯖江高校
88%
坂井市 坂井高校
83%
敦賀市 敦賀高校
83%
福井市 藤島高校
75%
勝山市 勝山高校
75%
越前市 武生高校
71%
福井市 福井商業高校
63%
坂井市 丸岡高校
58%
坂井市 三国高校
50%
あわら市 金津高校
42%
福井市 高志高校
38%
小浜市 若狭高校
38%
越前町 丹生高校
33%
福井市 羽水高校
29%
福井市 足羽高校
29%
福井市 科学技術高校
25%
越前市 武生東高校
25%
越前市 武生商工高校
25%
福井市 道守高校
21%
敦賀市 敦賀工業高校
21%
福井市 福井農林高校
17%
美浜町 美方高校
17%
大野市 奥越明成高校
8%
小浜市 若狭東高校
8%
No matching quizzes found
Score Distribution
Percent of People with Each Score
Percentile by Number Answered
Your Score History
You have not taken this quiz since the last reset